| 000 | 10341nam a22007697a 4500 | ||
|---|---|---|---|
| 005 | 2011022206206.0 | ||
| 008 | 110222t xxu||||| |||| 00| 0 hin d | ||
| 010 | _a B-439001-039 | ||
| 020 |
_c275.00 _a9788188069815 |
||
| 035 | _a | ||
| 035 | _a B-439001-039 | ||
| 037 | _bस्वराज्य मंदिर प्रकाशन/ PUB | ||
| 037 | _bब्ल्यू बेरी | ||
| 040 |
_aDPL _bHN |
||
| 082 | _a882 | ||
| 100 |
_aशेक्सपियर, विलियम _b1838- _926159 |
||
| 245 |
_aहैमलेट / _cविलियम शेक्सपियर; मृदुला जयन्त घराई द्वारा संपादित |
||
| 246 | _b | ||
| 260 |
_aदिल्ली _bस्वराज्य मंदिर प्रकाशन _c2010 |
||
| 270 |
_aब्लाक-सी-8,मकान नं.174, यमुना विहार _bदिल्ली _e110053 |
||
| 300 |
_a148पृ. _c22सेमी (सजिल्द ) _bसचित्र |
||
| 650 |
_a _x _926160 |
||
| 650 |
_a _x _926161 |
||
| 700 |
_a घराई, मृदुला जयन्त _926162 |
||
| 942 |
_2ddc _cCH _mशेक्सपि _h882 |
||
| 999 |
_c50726 _d50726 |
||